WWE Corporate Ministry Members - Statistics

General Stats
  • This quiz has been taken 18 times
  • The average score is 9 of 14
Answer Stats
Hint Answer % Correct
L Shane McMahon
93%
L Undertaker
93%
L Vince McMahon
93%
Bradshaw
87%
Viscera
87%
Triple H
80%
Big Boss Man
73%
Farooq
73%
Chyna
67%
Mideon
67%
Paul Bearer
60%
Pete Gas
27%
Rodney
27%
Joey Abs
20%
No matching quizzes found
Score Distribution
Percent of People with Each Score
Percentile by Number Answered
Your Score History
You have not taken this quiz